Hockey
| Main Author: | |
|---|---|
| Format: | Book |
| Published: |
London :
Ward Lock Ltd. ,
1989
|
| Series: | Play the game
|
| Subjects: |
MARC
| LEADER | 00000cam a2200000 7i4500 | ||
|---|---|---|---|
| 001 | 0000008713 | ||
| 002 | 000009493 | ||
| 005 | 20000330.0 | ||
| 020 | |a 0706367707 | ||
| 090 | 0 | 0 | |a 796.355 |b WAR |
| 100 | 1 | |a Ward, Carl | |
| 245 | 1 | 0 | |a Hockey |c Carl Ward |
| 260 | |a London : |b Ward Lock Ltd. , |c 1989 | ||
| 300 | |a 80p. : |b ill. ; |c 23cm. | ||
| 490 | 0 | |a Play the game | |
| 650 | 0 | 0 | |a Hockey |x Manual |
| 999 | |a 023506 |b BUKU |c PINJAMAN |e PERPUSTAKAAN KOMUNITI PETALING JAYA | ||
| 999 | |a 023507 |b BUKU |c PINJAMAN |e PERPUSTAKAAN KOMUNITI PETALING JAYA | ||